000 00937cam a2200289 i 4500
001 65322
003 Mx-PuUPA
005 20210719113310.0
008 970417s2018 mx a gr 001 spa d
017 _aB4637-1993
020 _a9786076106976
040 _aMx-PuUPA
_dMx-PuUPA
_bspa
_erda
_cMx-PuUPA
041 0 _aspa
100 1 _aSoriano Casas, Rodolfo,
_eautor
_911419
245 1 0 _aDocumentoscopía /
_cRodolfo Soriano Casas
264 1 _aCiudad de México :
_bFlores Editor y Distribuidor,
_c©2018
300 _axxvi, 74 páginas :
_bilustraciones ;
_c21 cm
336 _2rdacontent
_atexto
_btxt
337 _2rdamedia
_asin medio
_bn
338 _2rdacarrier
_avolumen
_bnc
490 0 _acolección de especialidades periciales ;
_v4
650 4 _aInvestigación criminal
650 4 _aDocumentos
_xFalsificaciones
942 _2ddc
_h363.2565
_iS713
_cLI
999 _c65322
_d65322